00410nam a2200157Ia 4500003000400000008004100004040001600045082001600061100001800077245006600095700001700161260003000178300001200208650002000220650001200240GCL140319s9999 xx 000 0 eng d aGCL / cGCL04a005.43bA P1 aANDERSON, LOY10aPARODOX FOR WINDOWS USER S INSTANT REFERNCE / cANDERSON, LOY1 aJENSEN, CARY a[S.N] : bSYBEX ، c1993 a288 PP04aCOMPUTER PROGRM04aPARADOX